Normal view
MARC view
Entry Término temático
001 - NÚMERO DE CONTROL
- campo de control: 28839
003 - IDENTIFICADOR DEL NÚMERO DE CONTROL
- campo de control: FranzMayer
005 - FECHA Y HORA DE LA ÚLTIMA TRANSACCIÓN
- campo de control: 20230719110317.0
008 - DATOS DE LONGITUD FIJA
- campo de control de longitud fija: 230719|| aca||aabn | a|a d
040 ## - FUENTE DE LA CATALOGACIÓN
- Centro catalogador/agencia de origen: FranzMayer
- Centro/agencia transcriptor: FranzMayer
150 ## - ENCABEZAMIENTO--TÉRMINO DE MATERIA
- Término de materia o nombre geográfico como elemento de entrada: Historia europea
- Subdivisión de forma: Monarquía
670 ## - FUENTE DE DATOS ENCONTRADOS
- Cita de la fuente: Work cat.: (FranzMayer)10883: Autor Trincado, Don Manuel Presbytero de la Villa de Cintruenigo, en el Reyno de Navarra 28838, Compendio histórico, geográfico y genealógico de los soberanos de Europa, 1769